000 00642nam a2200181Ia 4500
003 GCL
008 140319s9999 xx 000 0 ara d
040 _aGCL /
_cGCL
082 0 4 _a509
_bش ع
100 1 _aشوقى جلال
245 1 0 _aعلى طريق توماس كون : رؤية نقدية لفلسفة تاريخ العلم فى ضوء نظرية توماس كون /
_cشوقى جلال
250 _aالأولى
260 _aالقاهرة :
_bالمكتبة الاكاديمية ،
_c1997
300 _a76 ص ؛
_c27سم
490 _aكراسات مستقبلية
_v0
650 0 4 _aالعلوم - تاريخ
942 _2ddc
_cBK
999 _c48220
_d48220